|
|
|
|
| LEADER |
01000cam a22002652c 4500 |
| 001 |
407322213 |
| 003 |
DE-627 |
| 005 |
20250129001011.0 |
| 007 |
tu |
| 008 |
990101s1926 fr ||||| 00| ||fre c |
| 035 |
|
|
|a (DE-627)407322213
|
| 035 |
|
|
|a (DE-599)GBV407322213
|
| 035 |
|
|
|a (OCoLC)230709517
|
| 040 |
|
|
|a DE-627
|b ger
|c DE-627
|e rakwb
|
| 041 |
|
|
|a fre
|
| 044 |
|
|
|c XA-FR
|
| 084 |
|
|
|a LM 51920
|2 rvk
|0 (DE-625)rvk/101194:
|
| 084 |
|
|
|a 15.65
|2 bkl
|
| 100 |
1 |
|
|8 1\p
|a Virey, Jean
|d 1861-1953
|e verfasserin
|0 (DE-588)1053736231
|0 (DE-627)790575698
|0 (DE-576)409669415
|4 aut
|
| 245 |
1 |
0 |
|a Paray-le-Monial et les églises du Brionnais
|c par Jean Virey
|
| 264 |
|
1 |
|a Paris
|b Laurens
|c 1926
|
| 300 |
|
|
|a 111 S
|b zahlr. Ill
|c 8°
|
| 336 |
|
|
|a Text
|b txt
|2 rdacontent
|
| 337 |
|
|
|a ohne Hilfsmittel zu benutzen
|b n
|2 rdamedia
|
| 338 |
|
|
|a Band
|b nc
|2 rdacarrier
|
| 490 |
1 |
|
|a Petites Monographies des grands édifices de la France
|v [65]
|
| 583 |
1 |
|
|a Massenentsäuerung nicht möglich
|2 pdager
|5 DE-18-308
|
| 583 |
1 |
|
|a Archivierung prüfen
|c 20240324
|f DE-4165
|z 1
|2 pdager
|
| 689 |
0 |
0 |
|D g
|0 (DE-588)4303955-8
|0 (DE-627)703376780
|0 (DE-576)211063436
|a Paray-le-Monial
|2 gnd
|
| 689 |
0 |
1 |
|D g
|0 (DE-588)4118428-2
|0 (DE-627)105791520
|0 (DE-576)209518286
|a Departement Saône-et-Loire
|2 gnd
|
| 689 |
0 |
2 |
|D g
|0 (DE-588)4129468-3
|0 (DE-627)105709662
|0 (DE-576)209610751
|a Burgund
|2 gnd
|
| 689 |
0 |
3 |
|D g
|0 (DE-588)4018145-5
|0 (DE-627)106327232
|0 (DE-576)208922857
|a Frankreich
|2 gnd
|
| 689 |
0 |
|
|5 (DE-627)
|
| 830 |
|
0 |
|a Petites monographies des grands édifices de la France
|v [65]
|9 65
|w (DE-627)385245947
|w (DE-576)9385245945
|w (DE-600)2142874-8
|7 am
|
| 883 |
|
|
|8 1\p
|a cgwrk
|d 20241001
|q DE-101
|u https://d-nb.info/provenance/plan#cgwrk
|
| 912 |
|
|
|a GBV_ILN_11
|
| 912 |
|
|
|a ISIL_DE-1a
|
| 912 |
|
|
|a SYSFLAG_1
|
| 912 |
|
|
|a GBV_KXP
|
| 912 |
|
|
|a GBV_ILN_20
|
| 912 |
|
|
|a ISIL_DE-84
|
| 912 |
|
|
|a GBV_ILN_22
|
| 912 |
|
|
|a ISIL_DE-18
|
| 912 |
|
|
|a GBV_ILN_22_i30809
|
| 912 |
|
|
|a GBV_ILN_24
|
| 912 |
|
|
|a ISIL_DE-8
|
| 912 |
|
|
|a GBV_ILN_24_f044
|
| 912 |
|
|
|a GBV_ILN_69
|
| 912 |
|
|
|a ISIL_DE-9
|
| 912 |
|
|
|a GBV_ILN_72
|
| 912 |
|
|
|a ISIL_DE-35
|
| 912 |
|
|
|a GBV_ILN_181
|
| 912 |
|
|
|a GBV_ILN_181_b010
|
| 912 |
|
|
|a GBV_ILN_350
|
| 912 |
|
|
|a ISIL_DE-2795
|
| 912 |
|
|
|a GBV_ILN_350_
|
| 912 |
|
|
|a GBV_ILN_723
|
| 912 |
|
|
|a ISIL_DE-2484
|
| 936 |
r |
v |
|a LM 51920
|b Paray-le-Monial
|k Kunstgeschichte
|k Kunst nach Ländern bzw. Kontinenten
|k Frankreich
|k Kunsttopografie Frankreichs
|k Alphabetische Liste der französischen Orte
|k Orte P
|k Paray-le-Monial
|0 (DE-627)1271306565
|0 (DE-625)rvk/101194:
|0 (DE-576)201306565
|
| 936 |
b |
k |
|a 15.65
|j Frankreich
|x Geschichte
|q ARK
|0 (DE-627)181571641
|
| 951 |
|
|
|a BO
|
| 980 |
|
|
|2 11
|1 01
|x 0001
|b 444998349
|c 00
|f 1
|d Re 1609-61/65
|e d
|j --%%--
|h ark_2010-12-03
|y r
|z 03-11-97
|
| 980 |
|
|
|2 20
|1 01
|x 0084
|b 1252139462
|c 00
|f G8
|d La-55
|e i
|j --%%--
|y riG8
|z 15-06-11
|
| 980 |
|
|
|2 22
|1 01
|x 0018
|b 711823030
|c 00
|f 18/308
|d KGS-Fr 1100:[82]
|e i
|j --%%--
|y ri30809
|z 15-03-05
|
| 980 |
|
|
|2 24
|1 01
|x 0008
|b 1757224076
|c 00
|f 8/44
|d FS-Para 805/1926
|e i
|j --%%--
|h fa
|y zf044
|z 06-03-18
|
| 980 |
|
|
|2 69
|1 40
|x 0009
|b 644086696
|c 00
|f UB 680
|d 680/LM 51920 V815
|e u
|j --%%--
|y ri247
|z 26-04-04
|
| 980 |
|
|
|2 72
|1 01
|x 0035
|b 1791756123
|c 00
|f ZEN
|d 56/4415
|e f
|j --%%--
|y rz
|z 06-08-18
|
| 980 |
|
|
|2 181
|1 01
|x 3181/010
|b 1191185397
|c 00
|f KB
|d E 1246 kl
|e i
|j --%%--
|c 10
|f --%%--
|d :E:1246::kl:
|e --%%--
|j --%%--
|y rb010
|z 21-10-10
|
| 980 |
|
|
|2 350
|1 01
|x 8293
|b 098201654
|c 00
|f MAG1
|d Ln 4030 -39
|e i
|j --%%--
|y n
|z 03-05-00
|
| 980 |
|
|
|2 723
|1 01
|x 4723
|b 1697534678
|c 00
|f --%%--
|d RAD-FR 90/27
|e u
|j --%%--
|h Bestand Denkmalpflege
|y n
|z 18-05-98
|
| 982 |
|
|
|2 350
|1 01
|x 8293
|8 00
|a Brionnais
|
| 982 |
|
|
|2 350
|1 01
|x 8293
|8 00
|a Kirche
|
| 982 |
|
|
|2 350
|1 01
|x 8293
|8 00
|a Paray-le-Monial
|
| 983 |
0 |
0 |
|2 11
|1 00
|x DE-1a
|8 10
|0 (DE-627)639051235
|a Rh 9740
|
| 983 |
|
|
|2 11
|1 00
|x DE-1a
|8 10
|a Rh 9740 ff.
|
| 984 |
|
|
|2 22
|1 01
|x 0018
|a 087754339
|
| 984 |
|
|
|2 69
|1 40
|x 0009
|a 9$05469341
|
| 984 |
|
|
|2 350
|1 01
|x 8293
|a 8293000036403
|
| 985 |
|
|
|2 22
|1 01
|x 0018
|a 262/1949
|
| 985 |
|
|
|2 24
|1 01
|x 0008
|a 1929/658
|
| 985 |
|
|
|2 69
|1 40
|x 0009
|a A2190
|
| 985 |
|
|
|2 72
|1 01
|x 0035
|a 1956.5965
|
| 985 |
|
|
|2 350
|1 01
|x 8293
|a 71/1063
|
| 985 |
|
|
|2 723
|1 01
|x 4723
|a A 351
|
| 995 |
|
|
|2 24
|1 01
|x 0008
|a fa
|
| 995 |
|
|
|2 723
|1 01
|x 4723
|a Bestand Denkmalpflege
|